| 000 | 00985cam a22002774a 4500 | ||
|---|---|---|---|
| 001 | 6060 | ||
| 003 | BD-RjUL | ||
| 005 | 20211208234158.0 | ||
| 008 | 140109r20052004ne a b 001 0 eng | ||
| 020 | _a0124211801 (acidfree paper) | ||
| 035 | _a(BD-RjUL)6099 | ||
| 040 |
_aDLC _cDLC _dDLC _dBD-RjUL _beng |
||
| 041 | _aeng | ||
| 082 | 0 | 0 |
_a510 _222 _bKOD 2005 |
| 100 | 1 |
_aKoshy, Thomas. _919054 |
|
| 245 | 1 | 0 |
_aDiscrete mathematics with applications / _cThomas Koshy. |
| 260 |
_aAmsterdam ; _aBoston : _bElsevier Academic Press, _cc2004 [Indian Reprinted 2005]. |
||
| 300 |
_axxiv, 1045 p. : _bill. ; _c24 cm. |
||
| 504 | _aIncludes bibliographical references (p. 899-905) and indexes. | ||
| 650 | 0 |
_aMathematics. _919055 |
|
| 856 | 4 | 2 |
_3Publisher description _uhttp://www.loc.gov/catdir/description/els041/2003057854.html |
| 856 | 4 | 1 |
_3Table of contents _uhttp://www.loc.gov/catdir/toc/els041/2003057854.html |
| 942 |
_2ddc _cBK |
||
| 999 |
_c6060 _d6060 |
||